Fr. Conceicao Rodrigues College of Engineering

C++ How to program (Record no. 18720)

MARC details
000 -LEADER
fixed length control field 00373nam a2200181Ia 4500
082 ## - DEWEY DECIMAL CLASSIFICATION NUMBER
Classification number 5.133
Item number DEI
100 ## - MAIN ENTRY--PERSONAL NAME
Personal name Deitel/P.J/ Deitel/H.M
250 ## - EDITION STATEMENT
Edition statement 6
245 ## - TITLE STATEMENT
Title C++ How to program
260 ## - PUBLICATION, DISTRIBUTION, ETC.
Name of publisher, distributor, etc. prentice hall
Place of publication, distribution, etc. New Delhi
Date of publication, distribution, etc. 2008
366 ## - TRADE AVAILABILITY INFORMATION
Publishers's discount category 25
300 ## - PHYSICAL DESCRIPTION
Extent 1429
546 ## - LANGUAGE NOTE
Language note ENGLISH
650 ## - SUBJECT ADDED ENTRY--TOPICAL TERM
Topical term or geographic name entry element C Programming
654 ## - SUBJECT ADDED ENTRY--FACETED TOPICAL TERMS
Focus term c++
942 ## - ADDED ENTRY ELEMENTS (KOHA)
Koha item type BOOK
Holdings
Withdrawn status Lost status Damaged status Not for loan Collection Home library Current library Date acquired Source of acquisition Cost, normal purchase price Inventory number Total Checkouts Full call number Barcode Date last seen Cost, replacement price Price effective from Koha item type
        CRC Fr. Agnel's C.Rodrigues College of Engineering Fr. Agnel's C.Rodrigues College of Engineering 17/03/2023 Dharma Enterprises 521.25 1467 dt 29/07/2009   5.133 DEI 19827 17/03/2023 695.00   BOOK
        CRC Fr. Agnel's C.Rodrigues College of Engineering Fr. Agnel's C.Rodrigues College of Engineering 17/03/2023 Dharma Enterprises 521.25 1467 dt 29/07/2009   5.133 DEI 19828 17/03/2023 695.00   BOOK